| 000 | 01875nam a2200505 i 4500 | ||
|---|---|---|---|
| 001 | 1791 | ||
| 003 | KOSZ 005 | ||
| 005 | 20221028084955.0 | ||
| 008 | 991116s1982 pl a |000 0 pol | ||
| 015 | _aUWD 1982/5993 | ||
| 035 | _a991012106619705066 | ||
| 035 | _a(PL-WaBN)b13280958-48omnis_nlop | ||
| 035 | _ab13280958 | ||
| 035 | _a(OCoLC)830310717 | ||
| 035 | _a(PL)b0000001328095 | ||
| 035 | _a(EXLNZ-48OMNIS_NETWORK)9910374371705606 | ||
| 040 |
_aWA N _cWA N _dKR U _dKOSZ 005/HR |
||
| 041 | 0 | _apol | |
| 046 | _k1982 | ||
| 080 | _a621.92 | ||
| 100 | 1 |
_aBorkowski, Józef Aleksander _d(1943- ) _eAutor |
|
| 245 | 1 | 0 |
_aTechniczne aspekty zastosowania monokrystalicznych ziarn węglika krzemu w obróbce ściernej / _cJózef Borkowski, Kazimierz Woźniak. |
| 260 |
_aKoszalin : _bWydawnictwo Uczelniane WSI, _c1982. |
||
| 300 |
_a151, [4] s. : _bil. tab. wykr. ; _c24 cm. |
||
| 336 |
_aTekst _btxt _2rdacontent |
||
| 337 |
_aBez urządzenia pośredniczącego _bn _2rdamedia |
||
| 338 |
_aWolumin _bnc _2rdacarrier |
||
| 380 | _aKsiążki | ||
| 380 | _aPublikacje naukowe | ||
| 388 | _a1901-2000 | ||
| 388 | _a1945-1989 | ||
| 490 | 1 |
_aMonografie / Wyższa Szkoła Inżynierska w Koszalinie ; _v14 |
|
| 504 | _aBibliogr. s. 148-[152]. | ||
| 650 | 7 | _aKorborund | |
| 650 | 7 |
_aMateriały ścierne _2DBN |
|
| 650 | 7 |
_aMonokryształy _2DBN |
|
| 650 | 7 | _aZwiązki krzemu | |
| 658 | _aInżynieria i technika | ||
| 700 | 1 |
_aWoźniak, Kazimierz _c(inżynieria materiałowa) _eAutor |
|
| 710 | 2 |
_aWydawnictwo Uczelniane (Wyższa Szkoła Inżynierska ; Koszalin) _4pbl |
|
| 830 | 0 |
_aMonografie - Wyższa Szkoła Inżynierska, Koszalin _v14 |
|
| 856 |
_uhttp://koha.tu.koszalin.pl/cgi-bin/koha/opac-detail.pl?biblionumber=1791 _yKatalog online BPK |
||
| 942 |
_2UKD _cKS |
||
| 999 |
_c1791 _d1791 |
||